| 000 | 00676nam a22001937a 4500 | ||
|---|---|---|---|
| 005 | 20251108170909.0 | ||
| 008 | 250721s1985 xx 000 0 ara d | ||
| 082 | 1 | 4 | _aط/629.892/محم |
| 100 | 1 | _aالمتني، محمد نذير | |
| 245 | 1 | 0 |
_aالرابوط : _bالرجل الآلي / |
| 264 | 1 |
_aدمشق : _bدار الفكر للطباعة والتوزيع والنشر، _c1985. |
|
| 300 | _a54ص | ||
| 490 | 0 | _aسلاسل الفكر لليافعين : مجموعة العلم والأختراع : الآلات | |
| 650 | 1 | 7 | _aالأنسان الآلي |
| 650 | 1 | 7 | _aالروبوت |
| 700 | 1 | _aالعسلي، ميسر | |
| 942 |
_2ddc _cBK |
||
| 999 |
_c51607 _d51607 |
||